Operación masacre /

El 9 de junio de 1956 los generales Tanco y Valle se sublevaron contra el gobierno de facto que había destituido a Perón en septiembre de 1955. El levantamiento fue reprimido brutal e ilegalmente. Hubo muchos muertos, de los cuales solo siete cayeron en acción. En los basurales de José León Suárez,...

Descripción completa

Guardado en:
Autor Principal: Walsh, Rodolfo
Formato: Libro
Publicado: Buenos Aires : De la Flor, 1991
Edición:19a. ed.
Materias:
Etiquetas: Agregar Etiqueta
Sin Etiquetas, Sea el primero en etiquetar este registro!
LEADER 02194nam a22003375a 4500
001 CEM.cems008781
008 130507s1991##################000#0#####d
005 20260526161855.0
245 1 0 |a Operación masacre /  |c Rodolfo Walsh 
250 |a 19a. ed. 
260 |a Buenos Aires :  |b De la Flor,  |c 1991 
300 |a 217 p. 
500 |a Incluye Carta abierta de un escritor a la Junta Militar. 
520 |a El 9 de junio de 1956 los generales Tanco y Valle se sublevaron contra el gobierno de facto que había destituido a Perón en septiembre de 1955. El levantamiento fue reprimido brutal e ilegalmente. Hubo muchos muertos, de los cuales solo siete cayeron en acción. En los basurales de José León Suárez, un grupo de civiles -algunos de ellos relacionados vagamente con la conspiración; el resto, ajeno por completo a ella- fueron masacrados antes incluso de que fuera dictada la ley marcial. Unos pocos lograron escapar de la muerte, a duras penas. En 1957, Rodolfo Walsh emprendió la investigación de estos hechos, cuyos resultados publicó en forma de notas en el diario 'Mayoría' y, poco después, como libro. 'Operación Masacre', una de las primeras novelas de 'no ficción' escritas en castellano, se anticipó en nueve años al New Journalism, es decir, la aplicación de procedimientos propios del género novela al relato de hechos verdaderos. 
590 |a 1261.014 
020 |a 950515352X 
100 1 |a Walsh, Rodolfo 
082 0 4 |a A863.4 
653 |a Historia argentina-1955-1973 
653 |a Literatura 
653 |a Literatura argentina 
653 |a Novela argentina-siglo 20 
653 |a Novelas 
653 |a Biblioteca TC 
859 |a CEMS  |b BIB. CEMS - Agricultura  |h A863.4  |i W168-1  |p A2970.17  |t Ej. 1 
859 |a CEMS  |b BIB. CEMS - 11 de abril  |h A863.4  |i W168-3  |p 26197.11  |t Ej.1 
859 |a CEMS  |b BIB. CEMS - Agricultura  |h FCA868.4  |i W168-3  |p A0130.44  |t Ej.1 
859 |a CEMS  |b BIB. CEMS - 11 de abril  |h A863.4  |i W168-3  |p 29330.22  |t Ej. 3 
859 |a CEMS  |b BIB. CEMS - 11 de abril  |h A863.4  |i W168-3  |p 30799.26  |t Ej.4 
859 |a CEMS  |b BIB. CEMS - 11 de abril  |h A863.4  |i W168-3  |p 30800.26  |t Ej.5 
859 |a CEMS  |b BIB. CEMS - 11 de abril  |h A863.4  |i W168-3  |p 30801.26  |t Ej.6